An introduction to derivatives & risk management / (Record no. 8692)
[ view plain ]
| 000 -LEADER | |
|---|---|
| fixed length control field | 01120nac a22003131u 4500 |
| 010 ## - LIBRARY OF CONGRESS CONTROL NUMBER | |
| LC control number | 2003101641 |
| 020 ## - INTERNATIONAL STANDARD BOOK NUMBER | |
| International Standard Book Number | 032417800X |
| 020 ## - INTERNATIONAL STANDARD BOOK NUMBER | |
| International Standard Book Number | 0324282885 (International student ed.) |
| 035 ## - SYSTEM CONTROL NUMBER | |
| System control number | (DLC) 2003101641 |
| 082 00 - DEWEY DECIMAL CLASSIFICATION NUMBER | |
| Classification number | 332.6457 |
| Item number | CHA |
| 090 ## - LOCALLY ASSIGNED LC-TYPE CALL NUMBER (OCLC); LOCAL CALL NUMBER (OCLC) | |
| -- | 8692 |
| -- | 8692 |
| 100 ## - MAIN ENTRY--PERSONAL NAME | |
| Personal name | Chance, Don M. |
| 245 13 - TITLE STATEMENT | |
| Title | An introduction to derivatives & risk management / |
| Statement of responsibility, etc | Don M. Chance, Robert Brooks. |
| 246 3# - VARYING FORM OF TITLE | |
| Title proper/short title | Introduction to derivatives and risk management |
| 250 ## - EDITION STATEMENT | |
| Edition statement | 7th ed. |
| 260 ## - PUBLICATION, DISTRIBUTION, ETC. (IMPRINT) | |
| Place of publication, distribution, etc | Mason, Ohio : |
| Name of publisher, distributor, etc | Thomson/South-Western,c2008, 2004. |
| Date of publication, distribution, etc | c2008, 2004. |
| 300 ## - PHYSICAL DESCRIPTION | |
| Extent | xiv, 675 p. : |
| Other physical details | ill. ; |
| Dimensions | 27 cm. |
| 500 ## - GENERAL NOTE | |
| General note | Rev. ed. of: Introduction to derivatives and risk management. 5th ed. 2001. |
| 500 ## - GENERAL NOTE | |
| General note | Distributer: Baccah. |
| 504 ## - BIBLIOGRAPHY, ETC. NOTE | |
| Bibliography, etc | Includes bibliographical references (p. [620]-639) and index. |
| 511 ## - PARTICIPANT OR PERFORMER NOTE | |
| Participant or performer note | Catalogued By: Mahitab. |
| 650 #0 - SUBJECT ADDED ENTRY--TOPICAL TERM | |
| Topical term or geographic name as entry element | Derivative securities. |
| 650 #0 - SUBJECT ADDED ENTRY--TOPICAL TERM | |
| Topical term or geographic name as entry element | Risk management. |
| 650 #0 - SUBJECT ADDED ENTRY--TOPICAL TERM | |
| Topical term or geographic name as entry element | Options (Finance) |
| 650 #0 - SUBJECT ADDED ENTRY--TOPICAL TERM | |
| Topical term or geographic name as entry element | Futures. |
| 650 #0 - SUBJECT ADDED ENTRY--TOPICAL TERM | |
| Topical term or geographic name as entry element | Futures market. |
| 700 1# - ADDED ENTRY--PERSONAL NAME | |
| Personal name | Brooks, Robert. |
| 942 ## - ADDED ENTRY ELEMENTS (KOHA) | |
| Item type | Book - Borrowing |
| Call number prefix | 332.6457CHA |
| Withdrawn status | Item status | Damaged status | Not for loan | Home library | Current library | Shelving location | Date acquired | Source of acquisition | Total Checkouts | Total Renewals | Full call number | Barcode | Date last seen | Date last borrowed | Koha item type |
|---|---|---|---|---|---|---|---|---|---|---|---|---|---|---|---|
| Central Library | Central Library | First floor | 18/03/2008 | Purchase | 8 | 55 | 332.6457CHA | 000010665 | 15/07/2025 | 05/05/2019 | Book - Borrowing |